[Event "Belleuve Chess 2012"]
[Site "Alcudia ESP"]
[Date "2012.10.16"]
[Round "3.14"]
[White "Moueden, Mohamed Amine"]
[Black "Perez Prieto, German"]
[Result "1-0"]
[WhiteElo "1997"]
[BlackElo "1872"]
[PlyCount "77"]
[EventDate "2012.10.14"]
[EventType "swiss"]
[EventRounds "9"]
[EventCountry "ESP"]
[Source "lmi"]
[SourceDate "2012.10.14"]

1. e4 d5 2. exd5 Qxd5 3. Nc3 Qa5 4. d4 c6 5. Bd2 Bf5 6. Bc4 e6 7. Nf3 Nd7 8.
Ne4 Qc7 9. Ng3 Bg4 10. h3 Bxf3 11. Qxf3 Ngf6 12. O-O Bd6 13. Ne4 Nxe4 14. Qxe4
Nf6 15. Qf3 h6 16. a4 O-O 17. Bxh6 Qa5 18. c3 gxh6 19. Qxf6 Qg5 20. Qf3 Rab8
21. Bd3 Qf4 22. Qxf4 Bxf4 23. g3 Bd6 24. Rfe1 Kg7 25. Re4 Kf6 26. Rae1 Rg8 27.
Bc4 Rbe8 28. Ba2 Rg6 29. R1e3 Ke7 30. c4 Kd7 31. d5 e5 32. dxc6+ Kxc6 33. c5 f5
34. Bf7 Rf8 35. Bxg6 fxe4 36. cxd6 Kxd6 37. Bxe4 b6 38. Rc3 Rb8 39. Rc6+ 1-0

[Event "Belleuve Chess 2012"]
[Site "Alcudia ESP"]
[Date "2012.10.16"]
[Round "3.15"]
[White "Gutierrez Abarrategui, Luis"]
[Black "Hernandez Delgado, Gabriel"]
[Result "1-0"]
[WhiteElo "1861"]
[BlackElo "1987"]
[PlyCount "97"]
[EventDate "2012.10.14"]
[EventType "swiss"]
[EventRounds "9"]
[EventCountry "ESP"]
[Source "lmi"]
[SourceDate "2012.10.14"]

1. f4 g6 2. Nf3 Bg7 3. e3 c5 4. Be2 Nc6 5. O-O d6 6. d4 cxd4 7. Nxd4 Qb6 8. Nb3
Nh6 9. Nc3 Be6 10. Kh1 O-O 11. g4 f5 12. h3 Rac8 13. Nd5 Qd8 14. Bf3 Kh8 15. g5
Nf7 16. h4 a5 17. Rf2 a4 18. Nd4 Nxd4 19. exd4 Qa5 20. Nxe7 Rc7 21. d5 Rxe7 22.
dxe6 Rxe6 23. Bd2 Qb6 24. Kg2 Bxb2 25. Rb1 a3 26. Bc3+ Kg8 27. Bxb2 axb2 28. c4
Rfe8 29. Rbxb2 Qe3 30. Bd5 R6e7 31. Rxb7 Rxb7 32. Bxb7 Qc3 33. Qb3 Qd4 34. Bd5
Re7 35. Qb8+ Kg7 36. Qb2 Qxb2 37. Rxb2 Nd8 38. a4 Kf8 39. a5 Ra7 40. Ra2 Ra6
41. Kf3 Ke7 42. Ke3 Ne6 43. Bxe6 Kxe6 44. Kd4 Kd7 45. Kd5 Ke7 46. c5 dxc5 47.
Kxc5 Kd7 48. Kb5 Rc6 49. a6 1-0

[Event "Belleuve Chess 2012"]
[Site "Alcudia ESP"]
[Date "2012.10.16"]
[Round "3.16"]
[White "Pelegri Castello, Elias"]
[Black "Nadal Marti, Bernardo Pedro"]
[Result "1-0"]
[WhiteElo "1837"]
[BlackElo "1966"]
[PlyCount "91"]
[EventDate "2012.10.14"]
[EventType "swiss"]
[EventRounds "9"]
[EventCountry "ESP"]
[Source "lmi"]
[SourceDate "2012.10.14"]

1. Nf3 d5 2. c4 c6 3. g3 e6 4. Bg2 f5 5. O-O Nf6 6. b3 Bd6 7. d4 Qe7 8. Qc2 O-O
9. Bb2 Nbd7 10. Nbd2 Ne4 11. e3 Ndf6 12. Nxe4 Nxe4 13. Nd2 Nxd2 14. Qxd2 b5 15.
c5 Bc7 16. f4 a5 17. a3 g5 18. b4 Bd7 19. Bc3 a4 20. Kf2 Be8 21. Bf3 Bg6 22.
Rh1 Rf7 23. Qe2 Rg7 24. Bd2 Kf7 25. Rag1 Rag8 26. fxg5 Qxg5 27. e4 f4 28. e5
Be4 29. Bxf4 Bxf3 30. Bxg5 Bxe2 31. Bf6 Rg4 32. Kxe2 Rxd4 33. Rf1 Re4+ 34. Kd3
Kg6 35. Re1 Rxe1 36. Rxe1 Bd8 37. Bxd8 Rxd8 38. Rf1 Kg7 39. Rf6 Rf8 40. Rxe6
Rf3+ 41. Kd4 Rxa3 42. Rxc6 Rb3 43. Kxd5 Rxb4 44. e6 Rb2 45. Rc7+ Kf8 46. Ra7
1-0

[Event "Belleuve Chess 2012"]
[Site "Alcudia ESP"]
[Date "2012.10.16"]
[Round "3.17"]
[White "Gonzalez Pabollet, Jesus Ma"]
[Black "Alfven, Jorgen"]
[Result "1-0"]
[WhiteElo "1962"]
[BlackElo "1846"]
[PlyCount "83"]
[EventDate "2012.10.14"]
[EventType "swiss"]
[EventRounds "9"]
[EventCountry "ESP"]
[Source "lmi"]
[SourceDate "2012.10.14"]

1. b3 Nf6 2. Bb2 d5 3. e3 c5 4. Nf3 Nc6 5. Be2 g6 6. d4 cxd4 7. Nxd4 Bg7 8. O-O
O-O 9. Nd2 Re8 10. Bb5 Bg4 11. Qc1 Qc8 12. c4 dxc4 13. Nxc4 Nxd4 14. Bxd4 Bd7
15. Bxd7 Qxd7 16. Qb2 Qf5 17. Rad1 Nh5 18. Ne5 Red8 19. Kh1 Nf6 20. f3 Ne8 21.
Ng4 f6 22. e4 Qe6 23. Ne3 Nc7 24. Rf2 b6 25. Rfd2 Nb5 26. Nd5 Rac8 27. Be3 f5
28. Nf6+ Bxf6 29. Rxd8+ Kf7 30. Qd2 fxe4 31. Rxc8 Qxc8 32. Qd5+ Kg7 33. Qxb5
exf3 34. gxf3 Qc2 35. Qd5 Qe2 36. Bg1 h5 37. Rd2 Qe1 38. Qd3 h4 39. Rd1 Qa5 40.
Bd4 h3 41. Bxf6+ exf6 42. Qd7+ 1-0

[Event "Belleuve Chess 2012"]
[Site "Alcudia ESP"]
[Date "2012.10.16"]
[Round "3.18"]
[White "Garcia Verd, Francisco"]
[Black "Fullana Benito, David"]
[Result "0-1"]
[WhiteElo "1954"]
[BlackElo "1813"]
[PlyCount "70"]
[EventDate "2012.10.14"]
[EventType "swiss"]
[EventRounds "9"]
[EventCountry "ESP"]
[Source "lmi"]
[SourceDate "2012.10.14"]

1. e4 c5 2. Nc3 Nc6 3. g3 e6 4. Bg2 d6 5. d3 Nge7 6. f4 d5 7. Nf3 d4 8. Ne2 g6
9. O-O Bg7 10. c3 dxc3 11. bxc3 O-O 12. Be3 b6 13. Rb1 Ba6 14. Ne1 Qd7 15. Qc2
Rad8 16. Rd1 f6 17. e5 Nd5 18. Bf2 Nce7 19. a3 Nc7 20. a4 c4 21. d4 Ncd5 22.
Nf3 Rb8 23. Ra1 Rb7 24. Rfb1 Rfb8 25. Ra2 b5 26. axb5 Rxb5 27. Rba1 Nc7 28.
Rxa6 Nxa6 29. Rxa6 Rb2 30. Qd1 Nd5 31. Ra1 R8b3 32. Nd2 Nxc3 33. Nxc3 Rxc3 34.
Rc1 Rd3 35. Rc2 Qa4 0-1

[Event "Belleuve Chess 2012"]
[Site "Alcudia ESP"]
[Date "2012.10.16"]
[Round "3.20"]
[White "Wallace, Mitchel"]
[Black "Figuerola Campins, Antonio"]
[Result "1-0"]
[WhiteElo "1833"]
[BlackElo "1919"]
[PlyCount "69"]
[EventDate "2012.10.14"]
[EventType "swiss"]
[EventRounds "9"]
[EventCountry "ESP"]
[Source "lmi"]
[SourceDate "2012.10.14"]

1. e4 c5 2. c3 g6 3. d4 Qc7 4. Nf3 b6 5. Bd3 Bg7 6. O-O d6 7. Bf4 e5 8. Bg3 Ne7
9. Na3 Bg4 10. dxe5 dxe5 11. Bb5+ Nbc6 12. Nc4 Rd8 13. Qe2 O-O 14. Ne3 Bc8 15.
Rad1 h6 16. Nd5 Qb7 17. Nxe7+ Nxe7 18. Nxe5 a6 19. Ba4 b5 20. Bc2 f6 21. Nf3 f5
22. exf5 Nxf5 23. Be5 Rde8 24. Rfe1 Rf7 25. Qf1 Ref8 26. Be4 Qa7 27. Bd5 Bb7
28. Bxg7 Kxg7 29. Bxf7 Bxf3 30. Rd3 Nh4 31. Bd5 c4 32. Rde3 Bxd5 33. Re7+ Qxe7
34. Rxe7+ Kf6 35. Qe2 1-0

[Event "Belleuve Chess 2012"]
[Site "Alcudia ESP"]
[Date "2012.10.16"]
[Round "3.21"]
[White "Kehloul Gutierrez, Sadek"]
[Black "Romeu De La Cruz, Josep"]
[Result "1-0"]
[WhiteElo "1776"]
[BlackElo "1902"]
[PlyCount "97"]
[EventDate "2012.10.14"]
[EventType "swiss"]
[EventRounds "9"]
[EventCountry "ESP"]
[Source "lmi"]
[SourceDate "2012.10.14"]

1. e4 Nf6 2. e5 Nd5 3. c4 Nb6 4. d4 d6 5. f4 Bf5 6. Nc3 e6 7. Nf3 Be7 8. Be3
Nc6 9. Be2 Bh4+ 10. g3 Be7 11. a3 a6 12. O-O h5 13. d5 Na7 14. Bxb6 cxb6 15.
Qa4+ Kf8 16. Nd4 Qc8 17. Nxf5 exf5 18. b4 h4 19. Bd3 hxg3 20. hxg3 g6 21. Rae1
b5 22. Qb3 bxc4 23. Bxc4 b5 24. Bd3 Qc7 25. e6 Rc8 26. Ne2 fxe6 27. dxe6 Qb7
28. Qb2 Rh1+ 29. Kf2 Rh2+ 30. Ke3 Qd5 31. Kd2 Qxe6 32. Qb1 Bf6 33. Rc1 Rxc1 34.
Qxc1 Qd7 35. Rh1 Rxh1 36. Qxh1 Kg7 37. Qd5 Nc6 38. Bc2 Ne7 39. Qa8 d5 40. Qxa6
d4 41. Bd3 Nd5 42. Qxb5 Qe6 43. Qc4 Qe3+ 44. Kc2 Qf3 45. Kb3 Nc3 46. Nxd4 Bxd4
47. Qxd4+ Kh6 48. Qxc3 Qxg3 49. Qh8# 1-0

[Event "Belleuve Chess 2012"]
[Site "Alcudia ESP"]
[Date "2012.10.16"]
[Round "3.22"]
[White "Strand, Oyvin"]
[Black "Gimenez Garcia, Emilio"]
[Result "1/2-1/2"]
[WhiteElo "1899"]
[BlackElo "1806"]
[PlyCount "69"]
[EventDate "2012.10.14"]
[EventType "swiss"]
[EventRounds "9"]
[EventCountry "ESP"]
[Source "lmi"]
[SourceDate "2012.10.14"]

1. d4 d5 2. Nf3 Nf6 3. e3 Bf5 4. b3 e6 5. Bb2 Nbd7 6. Bd3 Ne4 7. O-O Be7 8.
Nbd2 Ndf6 9. a3 O-O 10. Qe2 Bg6 11. c4 c6 12. Ne5 Nxd2 13. Nxg6 Nxf1 14. Nxf8
Nxh2 15. Nxh7 Nxh7 16. Kxh2 Bd6+ 17. g3 f5 18. Kg2 Qg5 19. Rh1 Rf8 20. f4 Qg6
21. g4 Nf6 22. g5 Ne4 23. Bxe4 fxe4 24. c5 Be7 25. Qg4 Rf5 26. Rh5 Rf8 27. Bc3
Bd8 28. Qh4 Qf5 29. Be1 Be7 30. Ba5 Kf7 31. Bc7 Rg8 32. Be5 Qg6 33. Rh7 Qf5 34.
Qh5+ Qg6 35. Qh4 1/2-1/2

[Event "Belleuve Chess 2012"]
[Site "Alcudia ESP"]
[Date "2012.10.16"]
[Round "3.23"]
[White "Navarrete Abraham, Jorge"]
[Black "Correia, Sandra Ventura"]
[Result "0-1"]
[WhiteElo "1893"]
[BlackElo "1797"]
[PlyCount "57"]
[EventDate "2012.10.14"]
[EventType "swiss"]
[EventRounds "9"]
[EventCountry "ESP"]
[Source "lmi"]
[SourceDate "2012.10.14"]

1. e4 c5 2. d4 cxd4 3. c3 g6 4. cxd4 d5 5. e5 Bg7 6. Nf3 Bg4 7. Be2 Nc6 8. h3
Bxf3 9. Bxf3 e6 10. Nc3 Nge7 11. Bg5 h6 12. Bxe7 Qxe7 13. O-O Qb4 14. Ne2 Qxb2
15. Qa4 Qb6 16. Rab1 Qa5 17. Qb3 b6 18. Rfd1 O-O 19. h4 Rfc8 20. Nc3 Nxd4 21.
Rxd4 Rxc3 22. Qd1 Bxe5 23. Rg4 f5 24. Ra4 Qc5 25. g4 Bg3 26. Rd4 Bxh4 27. gxf5
Rxf3 28. Qxf3 Qxd4 29. fxg6 0-1

[Event "Belleuve Chess 2012"]
[Site "Alcudia ESP"]
[Date "2012.10.16"]
[Round "3.24"]
[White "Rodriguez Yague, Fermin"]
[Black "Diez Jover, Alberto"]
[Result "1/2-1/2"]
[WhiteElo "1759"]
[BlackElo "1891"]
[PlyCount "170"]
[EventDate "2012.10.14"]
[EventType "swiss"]
[EventRounds "9"]
[EventCountry "ESP"]
[Source "lmi"]
[SourceDate "2012.10.14"]

1. e4 c5 2. Nf3 e6 3. d4 cxd4 4. Nxd4 a6 5. Nc3 d6 6. Be2 Nf6 7. O-O Be7 8. Be3
Qc7 9. f4 b5 10. a3 Bb7 11. Bf3 Nbd7 12. Bf2 O-O 13. g4 Nc5 14. Qe2 d5 15. exd5
Nxd5 16. Nxd5 Bxd5 17. Bg3 Bc4 18. Qf2 Bxf1 19. Bxa8 Rxa8 20. Rxf1 Rd8 21. Re1
Bf6 22. Rd1 Ne4 23. Qe3 Nxg3 24. hxg3 g6 25. c3 Rd5 26. g5 Bg7 27. Rd2 Qb6 28.
Kf2 e5 29. Nf3 Rxd2+ 30. Nxd2 Qc7 31. Kf3 h5 32. Ne4 exf4 33. gxf4 Qd7 34. Nf2
Qd5+ 35. Kg3 Kh7 36. Qd3 Qxd3+ 37. Nxd3 Bf8 38. Ne5 Kg7 39. c4 bxc4 40. Nxc4 f6
41. b4 fxg5 42. fxg5 Be7 43. Kh4 Bd8 44. Ne5 Bc7 45. Nd7 Kf7 46. Nc5 a5 47.
bxa5 Bxa5 48. Ne4 Be1+ 49. Kh3 Ke6 50. a4 Kf5 51. Nd6+ Kxg5 52. Nb7 Kf4 53. a5
g5 54. a6 Bf2 55. Kg2 Ba7 56. Nd6 g4 57. Nb5 Bc5 58. Nc3 h4 59. Nd5+ Ke4 60.
Nc3+ Kd4 61. Ne2+ Ke3 62. Ng1 Ke4 63. Ne2 Kd5 64. Nf4+ Kc6 65. Nh3 Kb6 66. Ng5
Kxa6 67. Ne6 Be3 68. Ng7 Kb5 69. Nf5 Bg5 70. Nd4+ Kc4 71. Nf3 Bf6 72. Nh2 g3
73. Kf3 Kd3 74. Ng4 Bg7 75. Nh2 Kd2 76. Ng4 Ke1 77. Nh2 Be5 78. Kg2 Ke2 79. Nf3
Bf6 80. Nh2 Be5 81. Ng4 Bb8 82. Nh2 h3+ 83. Kxh3 Kf2 84. Ng4+ Kg1 85. Ne3 Kh1
1/2-1/2

[Event "Belleuve Chess 2012"]
[Site "Alcudia ESP"]
[Date "2012.10.16"]
[Round "3.25"]
[White "Valarezzo Ricard, Pedro"]
[Black "Castello Castello, Juan Jose"]
[Result "0-1"]
[WhiteElo "1888"]
[BlackElo "1735"]
[PlyCount "87"]
[EventDate "2012.10.14"]
[EventType "swiss"]
[EventRounds "9"]
[EventCountry "ESP"]
[Source "lmi"]
[SourceDate "2012.10.14"]

1. d4 Nf6 2. Nf3 d5 3. Bf4 Bf5 4. e3 e6 5. Nbd2 Bd6 6. Ne5 Nbd7 7. Be2 c5 8.
Nxf7 Kxf7 9. Bxd6 Qb6 10. dxc5 Nxc5 11. Be5 Rac8 12. b3 Ncd7 13. Bxf6 Bxc2 14.
Bd4 Bxd1 15. Bxb6 Bxe2 16. Bxa7 Bd3 17. Bd4 e5 18. Bb2 Rc2 19. Ba3 Ra8 20. Bb4
Raxa2 21. Rd1 Rc6 22. f3 d4 23. exd4 exd4 24. Ne4 Re2+ 25. Kf1 Rd2+ 26. Ke1
Rxd1+ 27. Kxd1 Rc2 28. Nd6+ Kg6 29. Re1 Rxg2 30. Re6+ Nf6 31. h4 Bc2+ 32. Ke1
Bxb3 33. Re7 Bd5 34. f4 h6 35. Bc5 d3 36. Be3 Re2+ 37. Kd1 Bb3+ 38. Kc1 d2+ 39.
Bxd2 Rxe7 40. f5+ Kh5 41. Kb2 Bd5 42. Bb4 Rd7 43. Nc8 Kxh4 44. Ne7 0-1

[Event "Belleuve Chess 2012"]
[Site "Alcudia ESP"]
[Date "2012.10.16"]
[Round "3.26"]
[White "Nin Serres, Pere"]
[Black "Perez Gandesa, Jose Antonio"]
[Result "0-1"]
[WhiteElo "1732"]
[BlackElo "1881"]
[PlyCount "67"]
[EventDate "2012.10.14"]
[EventType "swiss"]
[EventRounds "9"]
[EventCountry "ESP"]
[Source "lmi"]
[SourceDate "2012.10.14"]

1. d4 Nf6 2. c4 c5 3. e3 e6 4. Nf3 Nc6 5. Nc3 cxd4 6. Nxd4 Nxd4 7. Qxd4 a6 8.
Be2 Qc7 9. O-O Bc5 10. Qh4 Be7 11. Qd4 b6 12. Bf3 Bb7 13. Bxb7 Qxb7 14. b3 O-O
15. e4 Bc5 16. Qd3 Qc7 17. h3 Nh5 18. Be3 Bxe3 19. Qxe3 f5 20. exf5 Rxf5 21.
Rad1 Raf8 22. Ne2 Re5 23. Qd3 Qc5 24. Ng3 Nf4 25. Qd4 Qc6 26. f3 Rg5 27. Kf2
Rxg3 28. Qxf4 Rxg2+ 29. Kxg2 Rxf4 30. Rd3 b5 31. Rfd1 bxc4 32. bxc4 Qxc4 33.
R1d2 d5 34. Rb3 0-1

[Event "Belleuve Chess 2012"]
[Site "Alcudia ESP"]
[Date "2012.10.16"]
[Round "3.27"]
[White "Delgadillo Torrico, Felipe"]
[Black "Ramis Sebastia, Jordi Salvador"]
[Result "1-0"]
[WhiteElo "1981"]
[BlackElo "1675"]
[PlyCount "73"]
[EventDate "2012.10.14"]
[EventType "swiss"]
[EventRounds "9"]
[EventCountry "ESP"]
[Source "lmi"]
[SourceDate "2012.10.14"]

1. Nf3 d5 2. d4 Nf6 3. e3 Bg4 4. Be2 e6 5. O-O c5 6. b3 Bd6 7. Bb2 O-O 8. Nbd2
Nc6 9. c4 cxd4 10. Nxd4 Bxe2 11. Qxe2 a6 12. cxd5 Nxd4 13. Bxd4 Nxd5 14. Ne4
Be7 15. Rfd1 f5 16. Nc3 Nxc3 17. Bxc3 Qe8 18. Rd3 Bf6 19. Bxf6 Rxf6 20. Rad1 h6
21. Rd7 Rf7 22. R7d6 Rc8 23. g3 Rfc7 24. Qf3 Kh7 25. h4 Qf7 26. Kg2 e5 27. R6d5
Re7 28. Qe2 e4 29. R1d2 Rec7 30. Rd6 Re8 31. Qd1 Re6 32. R6d5 Rec6 33. Qe2 Rc1
34. Rd8 Qf6 35. R2d6 Qa1 36. Rd1 R7c2 37. Qxc2 1-0

[Event "Belleuve Chess 2012"]
[Site "Alcudia ESP"]
[Date "2012.10.16"]
[Round "3.28"]
[White "Hidalgo Maireles, Juan Carlos"]
[Black "Dominguez Marquez Juan, Car"]
[Result "1-0"]
[WhiteElo "1811"]
[BlackElo "1718"]
[PlyCount "59"]
[EventDate "2012.10.14"]
[EventType "swiss"]
[EventRounds "9"]
[EventCountry "ESP"]
[Source "lmi"]
[SourceDate "2012.10.14"]

1. d4 d5 2. e3 Nf6 3. c4 e6 4. a3 Be7 5. Nf3 O-O 6. Nbd2 b6 7. Be2 Bb7 8. O-O
c5 9. b3 Nbd7 10. Bb2 Rc8 11. Rc1 dxc4 12. Rxc4 Ne4 13. Nxe4 Bxe4 14. Nd2 Bd5
15. Rc1 Nf6 16. dxc5 bxc5 17. Nc4 Qc7 18. f3 Rfd8 19. Qc2 Ba8 20. Be5 Qc6 21.
Qc3 Nd5 22. Qb2 f6 23. Bg3 Bb7 24. e4 Nb6 25. Na5 Qe8 26. Nxb7 Rd7 27. Bb5 e5
28. Na5 Rd2 29. Qxd2 Qxb5 30. Bf2 1-0

[Event "Belleuve Chess 2012"]
[Site "Alcudia ESP"]
[Date "2012.10.16"]
[Round "3.29"]
[White "Rodriguez Bennassar, Miquel"]
[Black "Trillo-Figueroa Vidal, Antonio"]
[Result "1-0"]
[WhiteElo "1457"]
[BlackElo "1809"]
[PlyCount "93"]
[EventDate "2012.10.14"]
[EventType "swiss"]
[EventRounds "9"]
[EventCountry "ESP"]
[Source "lmi"]
[SourceDate "2012.10.14"]

1. d4 Nf6 2. Nf3 g6 3. g3 Bg7 4. Bg2 O-O 5. c4 d6 6. O-O Nbd7 7. Nc3 c5 8. h3
cxd4 9. Nxd4 a6 10. Kh2 Ne5 11. Nf3 Nxc4 12. Qc2 Qc7 13. b3 Ne5 14. Nxe5 dxe5
15. f4 e4 16. Bd2 Rd8 17. Rac1 Bf5 18. e3 Qd6 19. Rfd1 h5 20. Be1 Qb6 21. Bf2
Rac8 22. Rxd8+ Rxd8 23. Ne2 Rc8 24. Qd2 Rxc1 25. Qxc1 Nd5 26. g4 hxg4 27. h4
Nb4 28. Qd2 Nd3 29. Ng3 Qb4 30. Qxb4 Nxb4 31. Nxe4 Nxa2 32. Ng3 b5 33. Nxf5
gxf5 34. e4 e6 35. e5 Bf8 36. Bb7 a5 37. Bc6 Nc3 38. Bb6 a4 39. Ba5 Ne2 40.
Bxb5 Nxf4 41. bxa4 Ng6 42. Bc7 Ne7 43. a5 Nd5 44. Bd6 Bxd6 45. exd6 Kf8 46. h5
Kg7 47. d7 1-0

[Event "Belleuve Chess 2012"]
[Site "Alcudia ESP"]
[Date "2012.10.16"]
[Round "3.30"]
[White "Maseda Iglesias, Luis"]
[Black "Febrero Perez, Lluis"]
[Result "1/2-1/2"]
[WhiteElo "1741"]
[BlackElo "1597"]
[PlyCount "92"]
[EventDate "2012.10.14"]
[EventType "swiss"]
[EventRounds "9"]
[EventCountry "ESP"]
[Source "lmi"]
[SourceDate "2012.10.14"]

1. d4 Nf6 2. Nf3 g6 3. Nc3 d5 4. Bf4 Bg7 5. e3 O-O 6. Be2 e6 7. Ne5 Nfd7 8. O-O
Nxe5 9. Bxe5 f6 10. Bg3 Nd7 11. Qd2 c5 12. Rad1 cxd4 13. exd4 b6 14. Nb5 Ba6
15. Nc7 Bxe2 16. Qxe2 Rc8 17. Qxe6+ Rf7 18. Rfe1 Rxc7 19. Qe8+ Qxe8 20. Rxe8+
Nf8 21. Bxc7 Rxc7 22. c3 f5 23. Rde1 Kf7 24. Kf1 a5 25. R1e2 Bh6 26. Re1 Bd2
27. R1e2 Bc1 28. g3 Bxb2 29. Rxf8+ Kxf8 30. Rxb2 Rxc3 31. Rxb6 Rc4 32. Rb5 Rxd4
33. Rxa5 g5 34. Ke2 Kf7 35. Ra6 h5 36. a4 f4 37. a5 fxg3 38. fxg3 Ra4 39. Kf1
d4 40. Rd6 Ra1+ 41. Kf2 Ra2+ 42. Kg1 Ra1+ 43. Kg2 Ra2+ 44. Kg1 Ra1+ 45. Kg2
Ra2+ 46. Kg1 Ra1+ 1/2-1/2

[Event "Belleuve Chess 2012"]
[Site "Alcudia ESP"]
[Date "2012.10.16"]
[Round "3.31"]
[White "Mateu Mir, Gabriel"]
[Black "Carranza Pons, Ricardo Nelson"]
[Result "0-1"]
[WhiteElo "1575"]
[BlackElo "1718"]
[PlyCount "38"]
[EventDate "2012.10.14"]
[EventType "swiss"]
[EventRounds "9"]
[EventCountry "ESP"]
[Source "lmi"]
[SourceDate "2012.10.14"]

1. d4 Nf6 2. c4 g6 3. Nc3 d5 4. cxd5 Nxd5 5. e4 Nxc3 6. bxc3 Bg7 7. Nf3 O-O 8.
Bc4 c5 9. Be3 Bg4 10. h3 Bxf3 11. gxf3 cxd4 12. cxd4 Nc6 13. e5 Na5 14. Bd3 Qd7
15. Qd2 Qa4 16. Bc2 Qa3 17. Bh6 Nc4 18. Qf4 Qc3+ 19. Kd1 Qxa1+ 0-1

[Event "Belleuve Chess 2012"]
[Site "Alcudia ESP"]
[Date "2012.10.16"]
[Round "3.32"]
[White "Abrines Sampol, Lorenzo"]
[Black "Gibert Rossello, Antonio"]
[Result "1-0"]
[WhiteElo "1707"]
[BlackElo "1564"]
[PlyCount "67"]
[EventDate "2012.10.14"]
[EventType "swiss"]
[EventRounds "9"]
[EventCountry "ESP"]
[Source "lmi"]
[SourceDate "2012.10.14"]

1. e4 c5 2. Nf3 Nc6 3. d4 cxd4 4. Nxd4 g6 5. c4 Bg7 6. Nxc6 bxc6 7. Nc3 d6 8.
Be3 Nf6 9. Be2 O-O 10. Qd2 Ng4 11. Bxg4 Bxg4 12. Bh6 Be6 13. Bxg7 Kxg7 14. O-O
Qa5 15. Rfd1 Rab8 16. b3 Kg8 17. Qe3 Qc7 18. h3 f5 19. Ne2 Rbd8 20. Nd4 Bc8 21.
exf5 Bxf5 22. g4 Bc8 23. Ne6 Bxe6 24. Qxe6+ Kg7 25. Re1 Rf7 26. Re2 Qb6 27.
Rae1 Rdf8 28. Qe3 c5 29. Qe6 Qd8 30. g5 Qa8 31. Qg4 Re8 32. Rd1 Qb8 33. Qe6 Qd8
34. Re3 1-0

[Event "Belleuve Chess 2012"]
[Site "Alcudia ESP"]
[Date "2012.10.16"]
[Round "3.33"]
[White "Forcadell Escouffier, Albert"]
[Black "Jaume Pons, Antonio"]
[Result "1/2-1/2"]
[WhiteElo "1554"]
[BlackElo "1693"]
[PlyCount "71"]
[EventDate "2012.10.14"]
[EventType "swiss"]
[EventRounds "9"]
[EventCountry "ESP"]
[Source "lmi"]
[SourceDate "2012.10.14"]

1. d4 Nf6 2. Nf3 d5 3. e3 g6 4. b3 Bg7 5. Bb2 O-O 6. Be2 c5 7. c3 cxd4 8. cxd4
Bf5 9. Nh4 Bxb1 10. Qxb1 Qa5+ 11. Kf1 Ne4 12. Qd3 Nc6 13. a3 e5 14. b4 Qc7 15.
Nf3 exd4 16. Nxd4 Ne5 17. Qd1 a6 18. Rc1 Nc4 19. Bxc4 dxc4 20. f3 Nd6 21. Rc2
Rfd8 22. Qc1 Rac8 23. Ne2 Bxb2 24. Qxb2 c3 25. Rxc3 Nc4 26. Qc1 b5 27. Kf2 Qb6
28. Re1 Ne5 29. Rd1 Nc4 30. Nf4 Qf6 31. Rxd8+ Rxd8 32. Rd3 Re8 33. Nd5 Qh4+ 34.
Kg1 Qd8 35. Qc3 Re6 36. e4 1/2-1/2

[Event "Belleuve Chess 2012"]
[Site "Alcudia ESP"]
[Date "2012.10.17"]
[Round "4.1"]
[White "Garcia Sanz, Eduardo"]
[Black "Stefanov, Evtim"]
[Result "0-1"]
[WhiteElo "1999"]
[BlackElo "1963"]
[PlyCount "46"]
[EventDate "2012.10.14"]
[EventType "swiss"]
[EventRounds "9"]
[EventCountry "ESP"]
[Source "lmi"]
[SourceDate "2012.10.14"]

1. e4 c5 2. Nf3 e6 3. d4 cxd4 4. Nxd4 a6 5. g3 d6 6. Bg2 Bd7 7. c4 Nc6 8. Be3
Rc8 9. O-O Nf6 10. b3 Be7 11. h3 O-O 12. Nc3 Qa5 13. Qd2 Kh8 14. f4 d5 15. Nxc6
Bxc6 16. cxd5 Bb4 17. Rac1 Bb5 18. Bd4 Bxf1 19. Kxf1 exd5 20. exd5 Kg8 21. d6
Rcd8 22. Qf2 Rxd6 23. Kg1 Rxd4 0-1

[Event "Belleuve Chess 2012"]
[Site "Alcudia ESP"]
[Date "2012.10.17"]
[Round "4.2"]
[White "Melderis, Uldis"]
[Black "Botelho Luis, Miguel Rodrig"]
[Result "1-0"]
[WhiteElo "1897"]
[BlackElo "1759"]
[PlyCount "81"]
[EventDate "2012.10.14"]
[EventType "swiss"]
[EventRounds "9"]
[EventCountry "ESP"]
[Source "lmi"]
[SourceDate "2012.10.14"]

1. b4 e5 2. Bb2 Bxb4 3. Bxe5 Nf6 4. Nf3 O-O 5. e3 Re8 6. Be2 d5 7. O-O c5 8. d3
Nc6 9. Bb2 Qe7 10. c3 Ba5 11. Nbd2 d4 12. cxd4 cxd4 13. Nxd4 Nxd4 14. Bxd4 Be6
15. Bf3 Nd5 16. Ne4 b6 17. Be5 Rad8 18. a3 Bf5 19. Bd4 Nf4 20. exf4 Rxd4 21.
Qc2 Rc8 22. Qe2 Qc7 23. Qe3 Rcd8 24. Rfd1 Qd7 25. h3 Rxd3 26. Rxd3 Qxd3 27. Rd1
Bxe4 28. Rxd3 Bxd3 29. Qe7 Rf8 30. Qxa7 g6 31. Bd5 Kg7 32. g4 Bc2 33. Qc7 Ba4
34. h4 Be8 35. Kg2 h6 36. h5 gxh5 37. g5 hxg5 38. fxg5 Rg8 39. Qe5+ Kf8 40.
Qd6+ Kg7 41. Qh6# 1-0

[Event "Belleuve Chess 2012"]
[Site "Alcudia ESP"]
[Date "2012.10.17"]
[Round "4.3"]
[White "Asensio Ramos, Enrique Fernando"]
[Black "Gomez Olivares, Alejandro"]
[Result "1-0"]
[WhiteElo "1858"]
[BlackElo "1993"]
[PlyCount "39"]
[EventDate "2012.10.14"]
[EventType "swiss"]
[EventRounds "9"]
[EventCountry "ESP"]
[Source "lmi"]
[SourceDate "2012.10.14"]

1. d4 d5 2. Bf4 Nf6 3. e3 c5 4. Nf3 Nc6 5. c3 Qb6 6. Na3 Bg4 7. Rb1 e6 8. Nb5
Kd7 9. Bc7 Qa6 10. a4 c4 11. b3 Bxf3 12. gxf3 Na5 13. bxc4 Nxc4 14. Bxc4 dxc4
15. Be5 Qc6 16. e4 Nxe4 17. d5 exd5 18. fxe4 Re8 19. f4 f6 20. Nxa7 1-0

[Event "Belleuve Chess 2012"]
[Site "Alcudia ESP"]
[Date "2012.10.17"]
[Round "4.4"]
[White "Achtmann, Armin"]
[Black "Llamazares Lopez, Carlos"]
[Result "0-1"]
[WhiteElo "1978"]
[BlackElo "1694"]
[PlyCount "116"]
[EventDate "2012.10.14"]
[EventType "swiss"]
[EventRounds "9"]
[EventCountry "ESP"]
[Source "lmi"]
[SourceDate "2012.10.14"]

1. b4 e5 2. Bb2 f6 3. e4 Bxb4 4. Bc4 c6 5. Qh5+ g6 6. Qh4 Qe7 7. Ne2 b5 8. Bb3
c5 9. Bd5 Nc6 10. O-O Rb8 11. f4 Nd4 12. Nxd4 cxd4 13. c3 dxc3 14. Nxc3 Bc5+
15. Kh1 Bd4 16. Bxg8 Bxc3 17. Bxc3 Rxg8 18. fxe5 fxe5 19. Qxe7+ Kxe7 20. Bxe5
d6 21. Bg3 Be6 22. Rac1 Rbc8 23. a3 Bc4 24. Rf3 Be2 25. Rfc3 Rxc3 26. Rxc3 Rf8
27. h3 Kd7 28. d4 a5 29. e5 dxe5 30. dxe5 Bc4 31. a4 Rf1+ 32. Kh2 Rb1 33. axb5
Bxb5 34. Re3 Bc4 35. Rc3 Bf1 36. Rf3 Bc4 37. Rf6 Be6 38. Rf8 a4 39. Ra8 Bd5 40.
Ra7+ Bb7 41. Bf2 Rb2 42. Kg1 Rb1+ 43. Kh2 Rb4 44. Ra5 Re4 45. Ra7 Kc8 46. Ra5
Kc7 47. Kg1 Kd7 48. Ra7 Rb4 49. Ra5 Ke6 50. g4 Bc6 51. Ra6 Rc4 52. Ra5 Rc3 53.
h4 a3 54. Be1 Rb3 55. Ra6 Kd5 56. e6 Bb5 57. e7 Re3 58. Bb4 Bxa6 0-1